Bulletin of Sung and Yüan Studies

محفوظ في:

التنسيق: دورية

اللغة: Undetermined

منشور في: JSTOR
Society for Song, Yuan, and Conquest Dynasty Studies

الموضوعات:

الوصول للمادة أونلاين: Login to view Source

الوسوم: إضافة وسم

لا توجد وسوم, كن أول من يضع وسما على هذه التسجيلة!

رقم الطلب:

LEADER 00566nas a2200181Ia 4500
008 220214c99999999xx |||||||||||| ||und||
022 |a 0275-4118 
022 |a 2333-9950 
245 0 0 |a Bulletin of Sung and Yüan Studies 
264 1 |b JSTOR 
264 1 |b Society for Song, Yuan, and Conquest Dynasty Studies 
362 0 |a (1978)-(1989) 
653 1 0 |a Asian Studies 
653 1 0 |a History 
856 4 0 |u https://www.jstor.org/journal/bullsungyuanstud 
942 |c JL 
952 |0 0  |1 0  |4 0  |7 1  |9 34326  |a JSR  |b JSR  |d 2022-02-14  |l 0  |r 2022-02-14 00:00:00  |w 2022-02-14  |y JL 
999 |c 42659  |d 42659